A Handbook of English Literature/ (Record no. 216844)

MARC details
000 -LEADER
fixed length control field 00532nam a22001817a 4500
005 - DATE AND TIME OF LATEST TRANSACTION
control field 20260702163425.0
010 ## - LCCN (DPL NO)
LC control number ENG-148973
020 ## - INTERNATIONAL STANDARD BOOK NUMBER
Terms of availability 600.00
International Standard Book Number 9789393166432
035 ## - SYSTEM CONTROL NUMBER
System control number EN-132505
037 ## - SOURCE OF ACQUISITION
Source of stock number/acquisition DBAD
082 ## - DEWEY DECIMAL CLASSIFICATION NUMBER
Classification number 820
Edition number 1
245 ## - TITLE STATEMENT
Title A Handbook of English Literature/
Statement of responsibility, etc Edited by Niraj Jumar Sonkar
250 ## - EDITION STATEMENT
Edition statement 1
260 ## - PUBLICATION, DISTRIBUTION, ETC. (IMPRINT)
Name of publisher, distributor, etc Social Research Foundation
Date of publication, distribution, etc 2023
Place of publication, distribution, etc Uttar Predesh
270 ## - ADDRESS
Address 128/170, H-Block, Kidwai Nagar,
City Kanpur
300 ## - PHYSICAL DESCRIPTION
Extent 121p.
Dimensions 21cm(Hb)
942 ## - ADDED ENTRY ELEMENTS (KOHA)
Source of classification or shelving scheme Dewey Decimal Classification
Item type English Books
Classification part 820
Call number suffix HAN
Edition 1
Holdings
Withdrawn status Lost status Not for loan Collection code Home library Current library Date acquired Source of acquisition Cost, normal purchase price Full call number Barcode Copy number Cost, replacement price Koha item type
    Not For Loan Non-fiction D.B.Act.Division D.B.Act.Division 02/07/2026 Delivery of Books Act Division 600.00 820 HAN EN-132505 1 600.00 English Books

© Delhi Public Library
Hit Counter
free hit counter